Trends in crime and criminal justice 1970-1985 (Record no. 686138)

MARC details
000 -LEADER
fixed length control field 00855nam a2200253Ia 4500
003 - CONTROL NUMBER IDENTIFIER
control field OSt
005 - DATE AND TIME OF LATEST TRANSACTION
control field 20220927104119.0
008 - FIXED-LENGTH DATA ELEMENTS--GENERAL INFORMATION
fixed length control field 220926b |||||||| |||| 00| 0 eng d
037 ## - SOURCE OF ACQUISITION
Terms of availability Reference Collections
040 ## - CATALOGING SOURCE
Original cataloging agency RTL
Transcribing agency RTL
Language of cataloging eng
041 ## - LANGUAGE CODE
Source of code eng
Language code of text/sound track or separate title eng
110 ## - MAIN ENTRY--CORPORATE NAME
Corporate name or jurisdiction name as entry element "UNITED NATIONS, CENTRE FOR SOCIAL DEVELOPMENT AND HUMANITARIAN AFFAIRS"
9 (RLIN) 364236
245 #0 - TITLE STATEMENT
Title Trends in crime and criminal justice 1970-1985
260 ## - PUBLICATION, DISTRIBUTION, ETC.
Place of publication, distribution, etc. New
Name of publisher, distributor, etc. York UN USA
Date of publication, distribution, etc. 1992
300 ## - PHYSICAL DESCRIPTION
Extent 108p
Dimensions cm.
650 ## - SUBJECT ADDED ENTRY--TOPICAL TERM
Topical term or geographic name entry element Social Crime
9 (RLIN) 364237
700 ## - ADDED ENTRY--PERSONAL NAME
Personal name "UNITED NATIONS, CENTRE FOR SOCIAL DEVELOPMENT AND HUMANITARIAN AFFAIRS"
9 (RLIN) 364238
942 ## - ADDED ENTRY ELEMENTS (KOHA)
Classification part "Y:45:6.1.N85-N70, N2/UN"
Koha item type
Holdings
Withdrawn status Lost status Damaged status Not for loan Home library Current library Date acquired Total Checkouts Full call number Barcode Date last seen Price effective from Koha item type
        Ratan Tata Library Ratan Tata Library 2022-09-27   "Y:45:6.1.N85-N70 N2/UN" RT0916671 2022-09-27 2022-09-27  
Copyright @ Delhi University Library System